[Event "Chessable Masters Play In"]
[Site "Chess.com INT"]
[Date "2023.03.13"]
[Round "3"]
[White "Kaufman, Larry C"]
[Black "Henriquez Villagra, Cristobal"]
[Result "0-1"]
[WhiteElo "2188"]
[BlackElo "2624"]
[PlyCount "60"]
[EventDate "2023.03.13"]
[EventType "swiss (rapid)"]
[EventRounds "9"]
[EventCountry "USA"]
[SourceTitle "CBM 213 Extra"]
[Source "ChessBase"]
[SourceDate "2023.05.31"]
[SourceVersion "1"]
[SourceVersionDate "2023.05.31"]
[SourceQuality "1"]

1. e4 c6 2. Nf3 d5 3. Nc3 Bg4 4. h3 Bxf3 5. Qxf3 Nf6 6. Be2 e6 7. 0-0 Bc5 8. Rd1 Bd4 9. d3 0-0 10. Qg3 Kh8 11. Bf4 Nbd7 12. Bd6 Rg8 13. Kh1 Qb6 14. f4 Qxb2 15. e5 Ne8 16. Bh5 Nxd6 17. exd6 Qxc3 18. Bxf7 Rgf8 19. Bxe6 Nc5 20. Qg4 Rad8 21. d7 Qxc2 22. f5 Bxa1 23. Rxa1 Nxd3 24. Qh4 Nf2+ 25. Kh2 Ne4 26. Rf1 Qc3 27. Kg1 Qd4+ 28. Kh2 Qe5+ 29. Kg1 Nf6 30. g4 Nxd7 0-1

[Event "Chessable Masters Play In"]
[Site "Chess.com INT"]
[Date "2023.03.13"]
[Round "2"]
[White "Kaufman, Larry C"]
[Black "Ju, Wenjun"]
[Result "0-1"]
[WhiteElo "2188"]
[BlackElo "2550"]
[PlyCount "86"]
[EventDate "2023.03.13"]
[EventType "swiss (rapid)"]
[EventRounds "9"]
[EventCountry "USA"]
[SourceTitle "CBM 213 Extra"]
[Source "ChessBase"]
[SourceDate "2023.05.31"]
[SourceVersion "1"]
[SourceVersionDate "2023.05.31"]
[SourceQuality "1"]

1. e4 e5 2. Nf3 Nc6 3. Bc4 Bc5 4. 0-0 Nf6 5. d3 d6 6. c3 a6 7. a4 0-0 8. Re1 Be6 9. Bxe6 fxe6 10. b4 Ba7 11. Be3 Bxe3 12. Rxe3 Qe8 13. Nbd2 Qg6 14. Nf1 Rf7 15. Ng3 Raf8 16. h3 Nd7 17. b5 Ne7 18. bxa6 bxa6 19. Rb1 d5 20. Rb7 Rc8 21. a5 h5 22. Rb2 Qh6 23. Qd2 Nc6 24. Re1 Qxd2 25. Rxd2 g6 26. Ng5 Rf6 27. Nxe6 dxe4 28. dxe4 Rxe6 29. Rxd7 Nxa5 30. Nf1 Nc4 31. Ne3 Nb6 32. Rd2 a5 33. Ra2 Ra8 34. Nd5 Nxd5 35. exd5 Rb6 36. Rxe5 a4 37. Re7 a3 38. Rxc7 Rb2 39. Ra1 a2 40. Kh2 Rb1 41. Rxa2 Rxa2 42. d6 Rd2 43. d7 Rbd1 0-1

[Event "Chessable Masters Play In"]
[Site "Chess.com INT"]
[Date "2023.03.13"]
[Round "7"]
[White "Mekhitarian, Krikor Sevag"]
[Black "Kaufman, Larry C"]
[Result "1-0"]
[WhiteElo "2537"]
[BlackElo "2188"]
[PlyCount "67"]
[EventDate "2023.03.13"]
[EventType "swiss (rapid)"]
[EventRounds "9"]
[EventCountry "USA"]
[SourceTitle "CBM 213 Extra"]
[Source "ChessBase"]
[SourceDate "2023.05.31"]
[SourceVersion "1"]
[SourceVersionDate "2023.05.31"]
[SourceQuality "1"]

1. Nf3 d5 2. c4 e6 3. e3 Nf6 4. Nc3 c6 5. b3 Bd6 6. Bb2 0-0 7. Qc2 a6 8. d4 Nbd7 9. Bd3 b5 10. 0-0 bxc4 11. bxc4 Rb8 12. Rab1 Qe7 13. Ne2 a5 14. Ne5 Bxe5 15. dxe5 Ng4 16. Nd4 Qh4 17. Nf3 Qh5 18. Be2 Ba6 19. h3 Nh6 20. Nd4 Qh4 21. Nxc6 Rbc8 22. cxd5 Bxe2 23. Qxe2 exd5 24. Rbc1 Nf5 25. Qg4 Rxc6 26. Rxc6 g6 27. Qxh4 Nxh4 28. Rd1 Nf5 29. Ba3 Re8 30. Rxd5 Nf8 31. Bxf8 Kxf8 32. Rxa5 Kg7 33. Rc7 Rf8 34. e6 1-0

[Event "Chessable Masters Play In"]
[Site "Chess.com INT"]
[Date "2023.03.13"]
[Round "5"]
[White "Raja, Rithvik R"]
[Black "Kaufman, Larry C"]
[Result "1-0"]
[WhiteElo "2472"]
[BlackElo "2188"]
[PlyCount "105"]
[EventDate "2023.03.13"]
[EventType "swiss (rapid)"]
[EventRounds "9"]
[EventCountry "USA"]
[SourceTitle "CBM 213 Extra"]
[Source "ChessBase"]
[SourceDate "2023.05.31"]
[SourceVersion "1"]
[SourceVersionDate "2023.05.31"]
[SourceQuality "1"]

1. c4 e5 2. g3 Nf6 3. Bg2 c6 4. d4 d6 5. Nc3 Be7 6. d5 0-0 7. Nf3 cxd5 8. cxd5 Nbd7 9. 0-0 a5 10. Nd2 Nc5 11. Nc4 Re8 12. Be3 b6 13. Nxe5 dxe5 14. d6 Bb7 15. Bxc5 Bxg2 16. dxe7 Qc8 17. Bd6 Qh3 18. f3 Bxf1 19. Qxf1 Qxf1+ 20. Kxf1 Rac8 21. Rd1 e4 22. fxe4 Ng4 23. Kg1 f6 24. Nb5 Ne3 25. Rd4 Nc4 26. Kf2 Rc6 27. Bf4 Rxe7 28. b3 Ne5 29. Rd8+ Kf7 30. Nd6+ Ke6 31. Nf5 Rd7 32. Nd4+ Rxd4 33. Rxd4 Rc2 34. Bxe5 fxe5 35. Rd5 Rxa2 36. Rb5 Rb2 37. Rxb6+ Kf7 38. Rb7+ Kf6 39. Rb5 Ke6 40. Ke3 Kf6 41. h4 h5 42. Kd3 g6 43. e3 Ke6 44. Rb6+ Kf7 45. Rb5 Ke6 46. Rb6+ Kf7 47. Kc4 Re2 48. Kd5 Rxe3 49. Kxe5 Rxg3 50. Rb7+ Kg8 51. Kf6 Rg4 52. e5 Rxh4 53. Rb8+ 1-0

[Event "Chessable Masters Play In"]
[Site "Chess.com INT"]
[Date "2023.03.13"]
[Round "4"]
[White "Sattarov, Bobir"]
[Black "Kaufman, Larry C"]
[Result "1-0"]
[WhiteElo "2366"]
[BlackElo "2188"]
[PlyCount "115"]
[EventDate "2023.03.13"]
[EventType "swiss (rapid)"]
[EventRounds "9"]
[EventCountry "USA"]
[SourceTitle "CBM 213 Extra"]
[Source "ChessBase"]
[SourceDate "2023.05.31"]
[SourceVersion "1"]
[SourceVersionDate "2023.05.31"]
[SourceQuality "1"]

1. e4 e5 2. Nf3 Nf6 3. Nc3 Bb4 4. Nxe5 0-0 5. Nd3 Bxc3 6. dxc3 Nxe4 7. Be2 d6 8. 0-0 b6 9. f3 Nf6 10. b3 Bb7 11. c4 Nbd7 12. Bb2 Re8 13. Qd2 Qe7 14. Rae1 Qe3+ 15. Qxe3 Rxe3 16. Bd1 Rae8 17. Rxe3 Rxe3 18. Kf2 Re7 19. h4 h6 20. Be2 Nh7 21. Nf4 Ne5 22. Rd1 Nf6 23. Bf1 Ng6 24. Nxg6 fxg6 25. Bd3 Kf7 26. b4 Bc8 27. c5 dxc5 28. bxc5 Bf5 29. Bc4+ Be6 30. Bb3 bxc5 31. Ba3 Rd7 32. Bxe6+ Kxe6 33. Re1+ Kf7 34. Bxc5 a6 35. Re2 Nd5 36. Rd2 Nf6 37. Rxd7+ Nxd7 38. Bd4 c5 39. Bb2 Nf6 40. Ke3 Ke6 41. Kd3 Kd5 42. c4+ Kd6 43. g4 h5 44. g5 Ne8 45. Ke4 Ke6 46. Ba3 Kd6 47. f4 Nc7 48. f5 gxf5+ 49. Kxf5 Ne6 50. Kg6 Nf4+ 51. Kxg7 Ng2 52. Kh6 Nxh4 53. Kxh5 Nf5 54. g6 Ng7+ 55. Kh6 Ne6 56. g7 Nxg7 57. Kxg7 Kc6 58. Kf6 1-0

[Event "Titled Tuesday intern op 31st Jan Late"]
[Site "Chess.com INT"]
[Date "2023.01.31"]
[Round "8"]
[White "Kaufman, Larry C"]
[Black "Ansh, M Shah"]
[Result "0-1"]
[WhiteElo "2188"]
[BlackElo "2166"]
[PlyCount "106"]
[EventDate "2023.01.31"]
[EventType "swiss (blitz)"]
[EventRounds "11"]
[EventCountry "USA"]
[SourceTitle "CBM 212 Extra"]
[Source "ChessBase"]
[SourceDate "2023.03.31"]
[SourceVersion "1"]
[SourceVersionDate "2023.03.31"]
[SourceQuality "1"]

1. e4 c6 2. Nc3 d5 3. Nf3 dxe4 4. Nxe4 Nf6 5. Qe2 Nxe4 6. Qxe4 Nd7 7. d4 Nf6 8. Qd3 g6 9. g3 Bg7 10. Bg2 0-0 11. 0-0 Bf5 12. Qb3 Qb6 13. c3 Be4 14. Ne5 Bxg2 15. Kxg2 Rad8 16. Nc4 Qc7 17. Bf4 Qd7 18. Ne5 Qd5+ 19. Qxd5 Nxd5 20. Kf3 Bxe5 21. Bxe5 f6 22. Bf4 Nxf4 23. Kxf4 e5+ 24. dxe5 fxe5+ 25. Ke3 Rd5 26. Rad1 Rfd8 27. Rxd5 Rxd5 28. Re1 Kf7 29. Re2 Ke6 30. Rd2 Kf5 31. Rxd5 cxd5 32. f3 h5 33. b3 g5 34. Kd3 b5 35. Ke3 g4 36. Ke2 gxf3+ 37. Kxf3 e4+ 38. Ke3 Kg4 39. c4 bxc4 40. bxc4 dxc4 41. Kxe4 Kh3 42. Kd4 Kxh2 43. Kxc4 Kxg3 44. Kb5 h4 45. Ka6 h3 46. a4 h2 47. Kxa7 h1Q 48. a5 Qh7+ 49. Kb8 Qg8+ 50. Kb7 Qd5+ 51. Kb6 Qa8 52. a6 Kf4 53. Kb5 Ke5 0-1

[Event "Titled Tuesday intern op 31st Jan Late"]
[Site "Chess.com INT"]
[Date "2023.01.31"]
[Round "1"]
[White "Kaufman, Larry C"]
[Black "Suder, Jakub"]
[Result "0-1"]
[WhiteElo "2188"]
[BlackElo "2244"]
[PlyCount "58"]
[EventDate "2023.01.31"]
[EventType "swiss (blitz)"]
[EventRounds "11"]
[EventCountry "USA"]
[SourceTitle "CBM 212 Extra"]
[Source "ChessBase"]
[SourceDate "2023.03.31"]
[SourceVersion "1"]
[SourceVersionDate "2023.03.31"]
[SourceQuality "1"]

1. e4 c5 2. Nf3 e6 3. c3 Nf6 4. e5 Nd5 5. Bc4 d6 6. d4 cxd4 7. cxd4 Nb6 8. Bb3 dxe5 9. Nxe5 Nc6 10. Nf3 Bd7 11. 0-0 Bd6 12. Nc3 0-0 13. Ne4 Be7 14. Bf4 Na5 15. Bc2 Nd5 16. Bg3 Bb5 17. Re1 Rc8 18. a3 Nc4 19. Rb1 Qa5 20. Ne5 Nxe5 21. dxe5 f5 22. exf6 Nxf6 23. Ng5 Bc4 24. Nxe6 Rfe8 25. Nf4 Bf8 26. Rxe8 Rxe8 27. Qd4 Bf7 28. Nd3 Kh8 29. h3 Rd8 0-1

[Event "Titled Tuesday intern op 31st Jan Late"]
[Site "Chess.com INT"]
[Date "2023.01.31"]
[Round "9"]
[White "Yan, Benjamin"]
[Black "Kaufman, Larry C"]
[Result "1-0"]
[WhiteElo "1957"]
[BlackElo "2188"]
[PlyCount "49"]
[EventDate "2023.01.31"]
[EventType "swiss (blitz)"]
[EventRounds "11"]
[EventCountry "USA"]
[SourceTitle "CBM 212 Extra"]
[Source "ChessBase"]
[SourceDate "2023.03.31"]
[SourceVersion "1"]
[SourceVersionDate "2023.03.31"]
[SourceQuality "1"]

1. d4 Nf6 2. c4 e6 3. Nf3 d5 4. Nc3 Bb4 5. cxd5 exd5 6. Bg5 h6 7. Bh4 0-0 8. e3 Bf5 9. Be2 c5 10. dxc5 g5 11. Bg3 Ne4 12. Be5 Nd7 13. Bd4 Ndxc5 14. 0-0 Ne6 15. a3 Bxc3 16. bxc3 Rc8 17. Rc1 Qa5 18. Qb3 b6 19. Rfd1 Rfd8 20. c4 N4c5 21. Qa2 dxc4 22. Bxc4 Bg6 23. Ba1 Ne4 24. Rxd8+ Rxd8 25. Qb2 1-0

[Event "Eastern op 43rd"]
[Site "Bethesda"]
[Date "2016.12.30"]
[Round "6"]
[White "Shen, Christopher Y"]
[Black "Kaufman, Larry C"]
[Result "1/2-1/2"]
[WhiteElo "2166"]
[BlackElo "2282"]
[PlyCount "106"]
[EventDate "2016.12.27"]
[EventType "swiss"]
[EventRounds "7"]
[EventCountry "USA"]
[SourceTitle "CBM 176 Extra"]
[Source "ChessBase"]
[SourceDate "2017.03.02"]
[SourceVersion "1"]
[SourceVersionDate "2017.03.02"]
[SourceQuality "1"]

1. c4 Nf6 2. g3 e6 3. Bg2 d5 4. Nf3 Be7 5. 0-0 0-0 6. d4 c6 7. Qc2 b6 8. Nbd2 Bb7 9. e4 Na6 10. a3 c5 11. e5 Nd7 12. dxc5 bxc5 13. cxd5 exd5 14. b3 Nc7 15. Bb2 Ne6 16. Rfe1 a5 17. a4 Nb8 18. Nf1 Qb6 19. Ne3 Rd8 20. Nf5 Bf8 21. Bc1 Nc6 22. Bg5 Rd7 23. Bh4 g6 24. Ne3 Ncd4 25. Nxd4 Nxd4 26. Qd1 Qxb3 27. Qg4 Bc6 28. Reb1 Qc3 29. Rc1 Qd3 30. Rd1 Qa6 31. e6 fxe6 32. Rxd4 cxd4 33. Qxe6+ Rf7 34. Nxd5 Bxd5 35. Bxd5 Qxe6 36. Bxe6 Ra6 37. Bxf7+ Kxf7 38. Bg5 Bb4 39. Rc1 Ke6 40. Kf1 Kf5 41. h4 d3 42. f3 Rd6 43. Be7 Rd4 44. Bxb4 axb4 45. Rb1 Ke5 46. Ke1 Kd5 47. Kd2 Kc4 48. a5 Rd6 49. Rc1+ Kb5 50. Ra1 Ka6 51. g4 Rf6 52. Ke3 d2 53. g5 Rd6 1/2-1/2

[Event "Eastern op 43rd"]
[Site "Bethesda"]
[Date "2016.12.28"]
[Round "2"]
[White "Moorthy, Srinivas R"]
[Black "Kaufman, Larry C"]
[Result "0-1"]
[WhiteElo "1920"]
[BlackElo "2282"]
[PlyCount "70"]
[EventDate "2016.12.27"]
[EventType "swiss"]
[EventRounds "7"]
[EventCountry "USA"]
[SourceTitle "CBM 176 Extra"]
[Source "ChessBase"]
[SourceDate "2017.03.02"]
[SourceVersion "1"]
[SourceVersionDate "2017.03.02"]
[SourceQuality "1"]

1. d4 Nf6 2. c4 e6 3. Nf3 d5 4. g3 Bb4+ 5. Bd2 Be7 6. Bg2 0-0 7. 0-0 c6 8. Qc2 b6 9. Bf4 Nbd7 10. Rd1 Bb7 11. Nbd2 Nh5 12. Be3 f5 13. Nb3 Rc8 14. c5 bxc5 15. Nxc5 Bxc5 16. dxc5 e5 17. b4 Qf6 18. Bc1 Ba6 19. e3 g5 20. Bb2 g4 21. Ne1 Qe6 22. Nd3 Rcd8 23. Re1 Rb8 24. Bc3 Nhf6 25. Rab1 Ne4 26. Ba1 h5 27. h4 gxh3 28. Bxh3 h4 29. gxh4 Qf6 30. Bg2 Bxd3 31. Qxd3 Qxh4 32. Qe2 Kf7 33. f4 Rh8 34. Qc2 Rbg8 35. Re2 Qh1# 0-1

[Event "Washington Congress 3rd"]
[Site "Arlington"]
[Date "2016.10.05"]
[Round "1"]
[White "Prem, Pranav"]
[Black "Kaufman, Larry C"]
[Result "0-1"]
[WhiteElo "1765"]
[BlackElo "2285"]
[PlyCount "78"]
[EventDate "2016.10.05"]
[EventType "swiss"]
[EventRounds "9"]
[EventCountry "USA"]
[SourceTitle "EXT 2018"]
[Source "ChessBase"]
[SourceDate "2017.10.13"]
[SourceVersion "1"]
[SourceVersionDate "2017.10.13"]
[SourceQuality "1"]

1. d4 Nf6 2. c4 e6 3. Nc3 Bb4 4. e3 0-0 5. Nge2 Re8 6. a3 Bf8 7. Nf4 d6 8. Bd3 e5 9. dxe5 dxe5 10. Nfd5 Nfd7 11. Ne4 c6 12. Ndc3 f5 13. Ng3 g6 14. 0-0 Nc5 15. Bc2 a5 16. b3 Be6 17. Qe2 Nbd7 18. Bb2 Qh4 19. Rfd1 Nf6 20. Nf1 e4 21. b4 axb4 22. axb4 Rxa1 23. Rxa1 Nd3 24. Bxd3 exd3 25. Qxd3 Bxc4 26. Qc2 b5 27. Nd2 Ng4 28. Nf3 Qe7 29. Ba3 Ra8 30. h3 Ne5 31. Nd4 Qf6 32. Qb1 Nd3 33. Nce2 f4 34. exf4 Qh4 35. Ng3 Qxf4 36. Nf3 Re8 37. Qd1 Nxf2 38. Qd7 Re7 39. Qxc6 Qxg3 0-1

[Event "Eastern op 42nd"]
[Site "Bethesda"]
[Date "2015.12.29"]
[Round "6"]
[White "Kaufman, Larry C"]
[Black "Wang, Tianqi"]
[Result "1/2-1/2"]
[WhiteElo "2295"]
[BlackElo "2192"]
[PlyCount "45"]
[EventDate "2015.12.26"]
[EventType "swiss"]
[EventRounds "7"]
[EventCountry "USA"]
[SourceTitle "CBM 170 Extra"]
[Source "ChessBase"]
[SourceDate "2016.02.25"]
[SourceVersion "1"]
[SourceVersionDate "2016.02.25"]
[SourceQuality "1"]

1. e4 e6 2. d4 d5 3. Nc3 dxe4 4. Nxe4 Nd7 5. Nf3 Ngf6 6. Nxf6+ Nxf6 7. g3 Be7 8. Bg2 0-0 9. 0-0 c5 10. dxc5 Bxc5 11. Qe2 Qb6 12. Ne5 Bd7 13. Bg5 Be8 14. c3 a5 15. Rad1 Nd5 16. c4 Nb4 17. Nd7 Bxd7 18. Rxd7 Nc6 19. Rfd1 Rac8 20. Be4 Rc7 21. Bf4 e5 22. Rxc7 Qxc7 23. Bc1 1/2-1/2

[Event "Eastern op 42nd"]
[Site "Bethesda"]
[Date "2015.12.29"]
[Round "7"]
[White "Samuelson, Andrew"]
[Black "Kaufman, Larry C"]
[Result "1-0"]
[WhiteElo "2234"]
[BlackElo "2295"]
[PlyCount "73"]
[EventDate "2015.12.26"]
[EventType "swiss"]
[EventRounds "7"]
[EventCountry "USA"]
[SourceTitle "CBM 170 Extra"]
[Source "ChessBase"]
[SourceDate "2016.02.25"]
[SourceVersion "1"]
[SourceVersionDate "2016.02.25"]
[SourceQuality "1"]

1. e4 e5 2. Bc4 Nf6 3. d3 Nc6 4. Nf3 Bc5 5. 0-0 0-0 6. h3 a6 7. Re1 h6 8. c3 Ba7 9. Nbd2 d6 10. Bb3 Nh5 11. Nf1 Qf6 12. Be3 Bxe3 13. Nxe3 Nf4 14. Nd5 Nxd5 15. exd5 Ne7 16. d4 Ng6 17. Bc2 Bf5 18. dxe5 dxe5 19. Bxf5 Qxf5 20. Qe2 Rae8 21. Qe4 Qd7 22. Rad1 f5 23. Qc4 Kh7 24. Nd2 e4 25. Nb3 Ne5 26. Qd4 Qd6 27. Nc5 Qg6 28. Kh2 Rf6 29. Ne6 Nd3 30. Re3 f4 31. Rxe4 Nxf2 32. Rxf4 Nxd1 33. Rg4 Qf5 34. Rxg7+ Kh8 35. Rf7 Ne3 36. Rxf6 Nf1+ 37. Kg1 1-0

[Event "Eastern op 42nd"]
[Site "Bethesda"]
[Date "2015.12.27"]
[Round "3"]
[White "Erenburg, Sergey"]
[Black "Kaufman, Larry C"]
[Result "1-0"]
[WhiteElo "2587"]
[BlackElo "2295"]
[PlyCount "87"]
[EventDate "2015.12.26"]
[EventType "swiss"]
[EventRounds "7"]
[EventCountry "USA"]
[SourceTitle "CBM 170 Extra"]
[Source "ChessBase"]
[SourceDate "2016.02.25"]
[SourceVersion "1"]
[SourceVersionDate "2016.02.25"]
[SourceQuality "1"]

1. e4 e5 2. Nf3 Nc6 3. Bb5 a6 4. Ba4 Nf6 5. 0-0 Be7 6. d3 b5 7. Bb3 d6 8. a3 Be6 9. Nc3 Bxb3 10. cxb3 0-0 11. Be3 Nb8 12. d4 Nbd7 13. d5 Ne8 14. Rc1 g6 15. Bh6 Ng7 16. Qc2 Rc8 17. Nd1 f5 18. exf5 Rxf5 19. Nd2 Bg5 20. Bxg5 Qxg5 21. Ne4 Qe7 22. Qc6 Nb6 23. a4 bxa4 24. bxa4 Rff8 25. a5 Nd7 26. Qxa6 Nf5 27. Qb7 Nc5 28. Nxc5 dxc5 29. Qb5 Nd4 30. Qc4 Kh8 31. Kh1 Qg5 32. Rc3 Rf4 33. Qxc5 Rh4 34. d6 Ne2 35. d7 Rg8 36. Re3 Nf4 37. Qxe5+ Qxe5 38. Rxe5 Nh5 39. Nc3 Rd4 40. Rd5 Rxd5 41. Nxd5 Rd8 42. a6 Rxd7 43. a7 Rd8 44. Nxc7 1-0

[Event "Washington op"]
[Site "Washington DC "]
[Date "2015.10.11"]
[Round "8"]
[White "Huang, Andy"]
[Black "Kaufman, Larry C"]
[Result "0-1"]
[WhiteElo "1965"]
[BlackElo "2306"]
[PlyCount "48"]
[EventDate "2015.10.07"]
[EventType "swiss"]
[EventRounds "9"]
[EventCountry "USA"]
[SourceTitle "CBM 168 Extra"]
[Source "ChessBase"]
[SourceDate "2015.10.29"]
[SourceVersion "1"]
[SourceVersionDate "2015.10.29"]
[SourceQuality "1"]

1. Nf3 d5 2. b3 Bg4 3. Bb2 Nd7 4. d4 e6 5. g3 Ngf6 6. Bg2 Be7 7. 0-0 0-0 8. c4 c6 9. Nc3 Qa5 10. h3 Bh5 11. Qd2 dxc4 12. bxc4 Qb4 13. g4 Bg6 14. Ne5 Nxe5 15. dxe5 Rfd8 16. Qc1 Nd7 17. Ne4 Nb6 18. Rb1 Qxc4 19. Qxc4 Nxc4 20. Bc3 b5 21. a4 Rab8 22. Bb4 Bxb4 23. Rxb4 Bxe4 24. Bxe4 c5 0-1

[Event "Washington op 3rd"]
[Site "Rockville"]
[Date "2014.08.13"]
[Round "8"]
[White "Kaufman, Larry C"]
[Black "Ostrovskiy, Aleksandr A"]
[Result "1/2-1/2"]
[WhiteElo "2320"]
[BlackElo "2410"]
[PlyCount "93"]
[EventDate "2014.08.09"]
[EventType "swiss"]
[EventRounds "9"]
[EventCountry "USA"]
[SourceTitle "CBM 161 Extra"]
[Source "ChessBase"]
[SourceDate "2014.08.29"]
[SourceVersion "1"]
[SourceVersionDate "2014.08.29"]
[SourceQuality "1"]

1. d4 d5 2. c4 c6 3. Nf3 Nf6 4. Nc3 dxc4 5. a4 Bf5 6. Ne5 Nbd7 7. Nxc4 Qc7 8. g3 e5 9. dxe5 Nxe5 10. Bf4 Nfd7 11. Bg2 f6 12. 0-0 g5 13. Bxe5 Nxe5 14. Ne3 Be6 15. Qc2 0-0-0 16. Rfc1 Kb8 17. b4 Bxb4 18. Ncd5 Qa5 19. Nxb4 Qxb4 20. Rab1 Qd2 21. Qc5 Qd6 22. f4 gxf4 23. gxf4 Qxc5 24. Rxc5 Ng4 25. Bxc6 b6 26. Nxg4 Bxg4 27. a5 Rd1+ 28. Rxd1 bxc5 29. Kf2 Kc7 30. Bf3 Bxf3 31. Kxf3 Kc6 32. e4 Kb5 33. Rd7 a6 34. Rc7 h5 35. e5 fxe5 36. fxe5 Kxa5 37. Rxc5+ Kb4 38. Rc7 a5 39. Ke4 a4 40. Rb7+ Kc3 41. Ra7 Kb3 42. e6 a3 43. h4 a2 44. Ke5 Kb2 45. Rb7+ Kc1 46. Ra7 Kb1 47. Rb7+ 1/2-1/2

[Event "World op 42nd"]
[Site "Arlington"]
[Date "2014.07.02"]
[Round "1"]
[White "Kaufman, Larry C"]
[Black "Bruzon Batista, Lazaro"]
[Result "0-1"]
[WhiteElo "2329"]
[BlackElo "2696"]
[PlyCount "102"]
[EventDate "2014.07.02"]
[EventType "swiss"]
[EventRounds "9"]
[EventCountry "USA"]
[SourceTitle "CBM 161 Extra"]
[Source "ChessBase"]
[SourceDate "2014.08.29"]
[SourceVersion "1"]
[SourceVersionDate "2014.08.29"]
[SourceQuality "1"]

1. d4 Nf6 2. c4 g6 3. f3 Bg7 4. e4 d6 5. Nc3 a6 6. Be3 c6 7. c5 0-0 8. Nge2 b5 9. cxd6 exd6 10. Qd2 Re8 11. Nc1 Nbd7 12. Nd3 Nb6 13. b3 Nbd5 14. exd5 Bh6 15. f4 Ng4 16. Nd1 Ra7 17. Be2 Nxe3 18. Nxe3 Rae7 19. 0-0 Rxe3 20. Rae1 cxd5 21. Bf3 Rxe1 22. Rxe1 Bg7 23. Rxe8+ Qxe8 24. Bxd5 Bxd4+ 25. Kf1 Bb6 26. Nf2 Bf5 27. g3 a5 28. Qe2 Kf8 29. Qxe8+ Kxe8 30. Bc6+ Bd7 31. Bxd7+ Kxd7 32. Ne4 h6 33. Ke2 Ke6 34. Nc3 b4 35. Ne4 f5 36. Nd2 g5 37. h3 g4 38. hxg4 fxg4 39. Nc4 Bc7 40. Ne3 h5 41. Kd3 d5 42. Ng2 Bb6 43. Ke2 Kf5 44. Ne1 Ke4 45. Nd3 Bd4 46. Ne1 Bf6 47. Nd3 h4 48. Nc5+ Kf5 49. gxh4 Bxh4 50. Nb7 Kxf4 51. Nxa5 g3 0-1

[Event "Arlington DC op 2nd"]
[Site "Arlington"]
[Date "2014.06.30"]
[Round "9"]
[White "Kaufman, Larry C"]
[Black "Leon Magallanes, Isaac David"]
[Result "1/2-1/2"]
[WhiteElo "2329"]
[BlackElo "2127"]
[PlyCount "75"]
[EventDate "2014.06.26"]
[EventType "swiss"]
[EventRounds "9"]
[EventCountry "USA"]
[SourceTitle "CBM 161 Extra"]
[Source "ChessBase"]
[SourceDate "2014.08.29"]
[SourceVersion "1"]
[SourceVersionDate "2014.08.29"]
[SourceQuality "1"]

1. d4 Nf6 2. c4 g6 3. f3 d5 4. cxd5 Nxd5 5. e4 Nb6 6. Nc3 Bg7 7. Be3 0-0 8. Qd2 Nc6 9. 0-0-0 Qd6 10. Kb1 Rd8 11. Nb5 Qd7 12. d5 a6 13. Nc3 Na5 14. Bd4 e5 15. Bf2 Nbc4 16. Qc1 b5 17. Bxc4 Nxc4 18. h4 a5 19. h5 b4 20. Nce2 Ba6 21. hxg6 hxg6 22. Qg5 Qb5 23. Ka1 c6 24. f4 Nxb2 25. Kxb2 Qa4 26. Rd2 exf4+ 27. Bd4 Qa3+ 28. Ka1 Bxd4+ 29. Rxd4 b3 30. Rd2 Rab8 31. Qf6 b2+ 32. Rxb2 Qxb2+ 33. Qxb2 Rxb2 34. Kxb2 cxd5 35. e5 Re8 36. Nxf4 Rxe5 37. Nf3 Re4 38. Nxd5 1/2-1/2

[Event "Arlington DC op 2nd"]
[Site "Arlington"]
[Date "2014.06.28"]
[Round "6"]
[White "Kaufman, Larry C"]
[Black "Paragua, Mark"]
[Result "1/2-1/2"]
[WhiteElo "2329"]
[BlackElo "2510"]
[PlyCount "98"]
[EventDate "2014.06.26"]
[EventType "swiss"]
[EventRounds "9"]
[EventCountry "USA"]
[SourceTitle "CBM 161 Extra"]
[Source "ChessBase"]
[SourceDate "2014.08.29"]
[SourceVersion "1"]
[SourceVersionDate "2014.08.29"]
[SourceQuality "1"]

1. d4 d5 2. c4 c6 3. Nf3 Nf6 4. Nc3 dxc4 5. a4 Bf5 6. Ne5 Nbd7 7. Nxc4 Nb6 8. Ne5 a5 9. f3 Nfd7 10. Nxd7 Nxd7 11. e4 Bg6 12. Be2 Qb6 13. f4 e6 14. 0-0 h6 15. Kh1 0-0-0 16. Be3 Nf6 17. Qc2 Kb8 18. f5 exf5 19. exf5 Bh7 20. Bc4 Bd6 21. Bg1 Rd7 22. d5 Bc5 23. dxc6 bxc6 24. Ra3 Bxg1 25. Rb3 Ka7 26. Rxb6 Bxb6 27. Be2 Rhd8 28. Qb3 Rd4 29. Qxf7+ R8d7 30. Qe6 Kb7 31. Bf3 R4d6 32. Qe5 Bg8 33. Nb5 Rd3 34. Nc3 Bc4 35. Rc1 Nd5 36. Nxd5 Bxd5 37. Bxd5 R3xd5 38. Qe2 Rd2 39. Qf3 R7d5 40. h3 Bc7 41. Qb3+ Ka7 42. Re1 R5d3 43. Qe6 Bg3 44. Rf1 Kb6 45. Qe4 Kb7 46. Qg4 Be5 47. Qe4 Bg3 48. Qg4 Be5 49. Qe4 Bg3 1/2-1/2

[Event "Continental Class-ch 4th"]
[Site "Arlington"]
[Date "2013.10.10"]
[Round "2"]
[White "Kaufman, Larry C"]
[Black "Shabalov, Alexander"]
[Result "0-1"]
[WhiteElo "2347"]
[BlackElo "2520"]
[PlyCount "114"]
[EventDate "2013.10.09"]
[EventType "swiss"]
[EventRounds "9"]
[EventCountry "USA"]
[SourceTitle "CBM 156 Extra"]
[Source "ChessBase"]
[SourceDate "2013.10.22"]
[SourceVersion "1"]
[SourceVersionDate "2013.10.22"]
[SourceQuality "1"]

1. d4 Nf6 2. c4 g6 3. f3 Nc6 4. d5 Ne5 5. e4 d6 6. Nc3 Bg7 7. Be2 e6 8. f4 Ned7 9. Nh3 exd5 10. cxd5 0-0 11. Nf2 Re8 12. 0-0 Nc5 13. Qc2 a5 14. Re1 Bd7 15. Bd2 c6 16. dxc6 Bxc6 17. Bf3 Rc8 18. Rad1 b5 19. Qb1 b4 20. Nd5 Ncxe4 21. Nxe4 Nxd5 22. f5 Re5 23. Bg5 Qb6+ 24. Kh1 Ba8 25. fxg6 hxg6 26. Bh4 f5 27. Bf2 Qd8 28. Ng3 Rxe1+ 29. Rxe1 Nf6 30. Bxa8 Rxa8 31. h3 d5 32. Rd1 Qd6 33. Qc2 Re8 34. Nf1 Ne4 35. Bg1 Kh7 36. Qa4 Rc8 37. Qxa5 Rc2 38. Qxd5 Qxd5 39. Rxd5 Rxb2 40. Rd7 Rb1 41. Ne3 Kh6 42. Nc4 Rc1 43. Nd6 Nxd6 44. Rxd6 Ra1 45. g3 Be5 46. Rd3 Rxa2 47. Be3+ Kg7 48. Bc5 Bc3 49. Rd7+ Kf6 50. Rd6+ Ke5 51. Bxb4 Bxb4 52. Rxg6 Ke4 53. Rf6 Bc3 54. Rf7 Be5 55. Re7 Re2 56. h4 Kf3 57. Rf7 Re1+ 0-1